Statistiken für Länder Afrikas Quiz - Eine Minute Sprint

Klicken Sie hier um das Quiz zu spielen!

Allgemein

  • Dieses Quiz wurde 570 mal gespielt
  • Das Durchschnittsergebnis liegt bei 26 aus 54

Antworten auf der Karte

Die Antworten werden auf der Karte rot bzw. grün angezeigt, abhängig davon wie oft sie richtig erraten wurden.
 

Antwortstatistiken

Land% Korrekt
Algerien
84%
Marokko
80%
Mali
77%
Niger
77%
Nigeria
73%
Sudan
73%
Tunesien
73%
Ägypten
71%
Tschad
68%
Kongo
(Dem Rep)
67%
Kongo (Rep)
67%
Libyen
67%
Kenia
64%
Somalia
63%
Südafrika
63%
Togo
63%
Südsudan
61%
Ghana
56%
Mauretanien
56%
Benin
55%
Angola
54%
Namibia
54%
Gambia
52%
Tansania
52%
Madagaskar
51%
Senegal
51%
Eritrea
48%
Äthiopien
46%
Malawi
46%
Sambia
45%
Gabun
44%
Guinea
44%
Uganda
43%
Kamerun
41%
Lesotho
40%
Mosambik
40%
Ruanda
40%
Botswana
38%
Simbabwe
36%
Liberia
35%
Dschibuti
34%
Burundi
32%
Elfenbeinküste
31%
Swasiland
30%
Komoren
29%
Guinea-Bissau
28%
São Tomé und
Príncipe
25%
Seychellen
23%
Sierra Leone
23%
Burkina Faso
22%
Mauritius
21%
Zentralafrikanische
Republik
20%
Äquatorial-
Guinea
10%
Cabo Verde
2%

Verteilung der Resultate

Perzentil nach korrekt beantworteten Fragen

Anzahl Personen mit jedem Resultat

Ihre Resultats-Entwicklung

Sie haben dieses Quiz noch nicht gespielt